Courant Computer Science Symposium 2 : Formal Semantics of Programming Languages
Salvato in:
| Altri autori: | |
|---|---|
| Natura: | Libro |
| Lingua: | inglese |
| Pubblicazione: |
Englewood Cliffs :
Prentice Hall,
1972
|
| Tags: |
Nessun Tag, puoi essere il primo ad aggiungerne!!
|
MARC
| LEADER | 00000nam a22000003a 4500 | ||
|---|---|---|---|
| 001 | stu265437 | ||
| 005 | 20150617230132.4 | ||
| 008 | 130415s--------xxu-----------------eng-d | ||
| 020 | |a 0-13-329060-3 | ||
| 040 | |a STU |b slo | ||
| 041 | 0 | |a eng | |
| 044 | |a xxu | ||
| 100 | 1 | |a Rustin, Randall |4 edt | |
| 245 | 1 | |a Courant Computer Science Symposium 2 : |b Formal Semantics of Programming Languages | |
| 260 | |a Englewood Cliffs : |b Prentice Hall, |c 1972 | ||
| 300 | |a 248 s | ||
| 996 | |b 284IZ00620 |c I*16PJ1980 |l II680 |s A |a 24 |w stu265437_0001 | ||